000 00888cab a2200289 4500
001 ABS47709
008 090401t1992 xxu||||| |||| 00| 0 eng d
035 _a(Sirsi) u63172
041 _aeng
100 _aDuffy, F.
245 4 _aThe responsible workplace
260 _c1992
350 _a0
490 _aFacilities
_v10(11) November 1992, 9-15(7)
520 _aIdentifies a number of trends likely to influence office building design and use. Questions whether office buildings today are at all suited to the environment and the user.
650 _aARCHITECTURE
650 _aENVIRONMENTAL ISSUES
650 _aINTELLIGENT BUILDINGS
650 _aOFFICE BUILDINGS
650 _aOFFICE DESIGN
650 _aRESPONSIBLE WORKPLACE
690 _aOFFICE SERVICES AND ADMINISTRATION
700 _aLaing, A.
700 _aCrisp, V.
942 _n0
948 _c04/03/1997
999 _c39277
_d39277